Vista normal
Vista MARC
Entrada Nombre personal
Número de registros utilizados en: 2
001 - NÚMERO DE CONTROL
- Campo de control: 11266
003 - IDENTIFICADOR DE NÚMERO DE CONTROL
- Campo de control: ES-MaCES
005 - FECHA Y HORA DE LA ULTIMA MODIFICACION
- Campo de control: 20050128085300.0
008 - ELEMENTOS DE DATOS DE LONGITUD FIJA
- Campo de longitud fija: 050128 | azznnaabn |n aaa d
035 ## - NÚMERO DE CONTROL DEL SISTEMA
- Número de control del sistema: CES20050000774n
040 ## - FUENTE DE LA CATALOGACIÓN
- Agencia original de catalogación: ES-MaCES
- Idioma de catalogación: spa
- Agencia de transcripción: ES-MaCES
100 1# - ENCABEZAMIENTO--NOMBRE DE PERSONA
- Nombre personal: Emery, Marie-Pierre
901 ## - CES. DATOS SIRTEX
- ID Sirtex (N5N8): 0001500015157
- 005BIS Sirtex: 200501280853HCUñADO

